000 00500nam a2200181 i 4500
001 141475
003 ES-MaACL
005 20251014063211.0
007 t|
008 070924s1906 fr ||||1| fre d
100 1 _aVogüé, Eugène-Melchior,
_cVicomte de
_9115669
245 1 3 _aLe roman russe /
_cEugéne-Melchior Vogüé.
250 _a7 ed.
260 _aParis :
_bPlon-Nourrit,
_c1906.
300 _aLV, 351 p. ;
_c18 cm.
852 _aES-MaACL
_jF-9525
999 _c141475
_d141475